Statistics for Jon Hamm Movies

Click here to take the quiz!

General Stats

  • This quiz has been taken 2 times
  • The average score is 7 of 14

Answer Stats

Release YearCostarsMovie% Correct
2022Tom Cruise, Val KilmerTop Gun: Maverick
100%
2017Ansel Elgort, Kevin SpaceyBaby Driver
50%
2018Jeff Bridges, Dakota JohnsonBad Times at the El Royale
50%
2018Rosamund Pike, Dean NorrisBeirut
50%
2019Natalie Portman, Zazie BeetzLucy in the Sky
50%
2015Sandra Bullock, Michael KeatonMinions
50%
2021Don Cheadle, Benicio Del ToroNo Sudden Move
50%
2010Mike Myers, Cameron DiazShrek Forever After
50%
2018Jeremy Renner, Lil Rey HoweryTag
50%
2008Keanu Reeves, Jennifer ConnellyThe Day The Earth Stood Still
50%
2010Ben Affleck, Chris CooperThe Town
50%
2002Mel Gibson, Sam ElliottWe Were Soldiers
50%
2019Sam Rockwell, Olivia WildeRichard Jenkins
0%
2019John Turturro, Christopher WalkenThe Jesus Rolls
0%

Score Distribution

Percentile by Number Answered

Percent of People with Each Score

Your Score History

You have not taken this quiz